[Event "13th Asian Continental 2014"]
[Site "Sharjah UAE"]
[Date "2014.04.18"]
[Round "2.2"]
[White "Sasikiran,K"]
[Black "Batchuluun,T"]
[Result "1/2-1/2"]
[WhiteElo "2680"]
[BlackElo "2521"]

1.d4 Nf6 2.c4 e6 3.Nc3 Bb4 4.Qc2 O-O 5.Nf3 c5 6.dxc5 Na6 7.g3 Nxc5 8.Bg2 Nce4
9.O-O Nxc3 10.bxc3 Be7 11.e4 d6 12.e5 dxe5 13.Nxe5 Qc7 14.Qe2 Nd7 15.Bf4 Nxe5
16.Bxe5 Bd6 17.Rfe1 Rb8 18.Bxd6 Qxd6 19.Rad1 Qc7 20.Qe5 Qxe5 21.Rxe5 b6 22.c5 f6
23.Re4 bxc5 24.Ra4 Bb7 25.Rxa7 Bxg2 26.Kxg2 Ra8 27.Rdd7 Rxa7 28.Rxa7 Rd8
29.Ra5 c4 30.Ra4 Rd2 31.a3 Ra2 32.g4 h5 33.h3 hxg4 34.hxg4 Kf7 35.Kf3 e5
36.Rxc4 Rxa3 37.Rc7+ Ke6 38.Ke4 Ra2 39.f3 Re2+ 40.Kd3 Rf2 41.Ke3 Rc2 42.c4 Kd6
43.Rxg7 Rc3+ 44.Ke4  1/2-1/2

[Event "13th Asian Continental 2014"]
[Site "Sharjah UAE"]
[Date "2014.04.19"]
[Round "3.4"]
[White "Ghaem Maghami,E"]
[Black "Sasikiran,K"]
[Result "1-0"]
[WhiteElo "2556"]
[BlackElo "2680"]

1.e4 c5 2.Nf3 d6 3.d4 cxd4 4.Qxd4 Nc6 5.Bb5 Nf6 6.Bg5 Bd7 7.Bxc6 Bxc6 8.Nc3 e6
9.O-O-O Be7 10.Rhe1 O-O 11.e5 dxe5 12.Nxe5 Qa5 13.Qh4 Rad8 14.Ng4 Rxd1+ 15.Rxd1 Nxg4
16.Bxe7 Re8 17.Qxg4 Rxe7 18.f3 h6 19.Qf4 Re8 20.a3 Rd8 21.Rxd8+ Qxd8 22.b4 a6
23.a4 Qb6 24.Kb2 e5 25.Qc4 Bd7 26.a5 Qd6 27.Ne4 Qg6 28.g4 Bc6 29.h3 h5 30.Qd3 f6
31.c4 hxg4 32.hxg4 Qf7 33.b5 axb5 34.cxb5 Bd5 35.Nc3 Be6 36.Qd6 Kh7 37.b6  1-0

[Event "13th Asian Continental 2014"]
[Site "Sharjah UAE"]
[Date "2014.04.20"]
[Round "4.16"]
[White "Sasikiran,K"]
[Black "Gao Rui"]
[Result "1-0"]
[WhiteElo "2680"]
[BlackElo "2484"]

1.d4 Nf6 2.Nf3 g6 3.g3 Bg7 4.Bg2 d5 5.O-O O-O 6.c4 dxc4 7.Na3 c3 8.bxc3 c5
9.e3 Nc6 10.Qe2 Bf5 11.Rd1 Qa5 12.Bb2 Rfd8 13.Nd2 cxd4 14.cxd4 Rac8 15.Nb3 Qb6
16.d5 Na5 17.Bd4 Qb4 18.Qb2 Bf8 19.Bxa7 Nxd5 20.Rxd5 Rxd5 21.Bxd5 e6 22.Bg2 Ra8
23.e4 Bxe4 24.Bd4 Nxb3 25.axb3 Bxg2 26.Nc2 Rxa1+ 27.Kxg2 Qa5 28.Nxa1 Ba3
29.Qc3  1-0

[Event "13th Asian Continental 2014"]
[Site "Sharjah UAE"]
[Date "2014.04.21"]
[Round "5.9"]
[White "Vidit,S"]
[Black "Sasikiran,K"]
[Result "1/2-1/2"]
[WhiteElo "2610"]
[BlackElo "2680"]

1.d4 Nf6 2.c4 e6 3.Nf3 b6 4.g3 Ba6 5.Qc2 Bb4+ 6.Bd2 Bxd2+ 7.Nbxd2 Bb7 8.e4 d6
9.Bg2 Qe7 10.O-O e5 11.b4 O-O 12.c5 a5 13.a3 axb4 14.axb4 Nc6 15.cxb6 cxb6
16.Qb2 exd4 17.b5 Na5 18.Nxd4 g6 19.Nc6 Bxc6 20.bxc6 Rac8 21.Qxb6 Nxc6 22.Bh3 Rc7
23.Rac1 Rb8 24.Qe3 Rb5 25.Bg2 Ne5 26.h3 Rbc5 27.Rxc5 Rxc5 28.Rd1 Nc4  1/2-1/2

[Event "13th Asian Continental 2014"]
[Site "Sharjah UAE"]
[Date "2014.04.22"]
[Round "6.8"]
[White "Sasikiran,K"]
[Black "Debashis,D"]
[Result "1-0"]
[WhiteElo "2680"]
[BlackElo "2504"]

1.d4 Nf6 2.c4 e6 3.Nf3 d5 4.g3 Bb4+ 5.Bd2 Be7 6.Bg2 O-O 7.O-O c6 8.Qc2 Nbd7
9.Rd1 b6 10.Bf4 Bb7 11.Ne5 Nh5 12.Bd2 Nhf6 13.cxd5 cxd5 14.Nc6 Bxc6 15.Qxc6 Rc8
16.Qb5 Ne8 17.Qd3 Nd6 18.b3 Nf6 19.Nc3 Qd7 20.f3 Nf5 21.e3 h5 22.Ne2 Rfd8
23.Kh1 g5 24.Rf1 g4 25.Nf4 Kg7 26.Kg1 Rh8 27.Rad1 Rcg8 28.fxg4 hxg4 29.Nxd5 Nxd5
30.e4 Nxg3 31.hxg3 Nb4 32.Bxb4 Bxb4 33.e5 Kf8 34.Rf4 Rh5 35.Be4 Rgh8 36.Rdf1 f5
37.exf6 e5 38.Rf5 Qxd4+ 39.Qxd4 exd4 40.R1f4 Bd2 41.Rxh5 Rxh5 42.Rxg4 Rg5
43.Rh4 Kf7 44.Kf2 Kxf6 45.Kf3 Rxg3+ 46.Kxg3 Be1+ 47.Kg4 Bxh4 48.Kxh4 Ke5
49.Bg6 Kf4 50.b4 Ke3 51.b5 d3 52.Kg3 d2 53.Bh5 Kd3 54.Kf4 Kc4 55.Be2+ Kb4
56.Ke3 d1=Q 57.a3+ Kc5 58.Bxd1 Kxb5 59.Kd4 Kc6 60.a4 Kc7 61.Kd5 Kb7 62.Be2 Kc7
63.Bb5  1-0

[Event "13th Asian Continental 2014"]
[Site "Sharjah UAE"]
[Date "2014.04.23"]
[Round "7.3"]
[White "Bu Xiangzhi"]
[Black "Sasikiran,K"]
[Result "1-0"]
[WhiteElo "2699"]
[BlackElo "2680"]

1.Nf3 Nf6 2.c4 e6 3.Nc3 Bb4 4.Qc2 O-O 5.a3 Bxc3 6.Qxc3 d6 7.d4 Nbd7 8.g3 b6
9.Bg2 Bb7 10.O-O c5 11.Rd1 Rc8 12.dxc5 d5 13.Ne5 Nxc5 14.Bf4 Nfe4 15.Qc2 f6
16.Nd3 Nd7 17.Qa4 Nec5 18.Nxc5 Nxc5 19.Qc2 d4 20.b4 Bxg2 21.Kxg2 e5 22.bxc5 exf4
23.cxb6 Qxb6 24.Qe4 fxg3 25.hxg3 Rfd8 26.Rab1 Qd6 27.Rb7 a5 28.Rh1 f5 29.Qxf5 Qc6+
30.f3 Qxb7 31.Qxh7+ Kf7 32.Qf5+ Ke7 33.Rh4 Rd6 34.Re4+ Kd8 35.Qg5+ Rf6 36.Qe5 Kd7
37.Rxd4+ Kc6 38.Rd5 Qb8 39.Qd4 Qb6 40.Qe4 Qc7 41.Rb5+ Kd6 42.Qd5+ Ke7 43.Rb7  1-0

[Event "13th Asian Continental 2014"]
[Site "Sharjah UAE"]
[Date "2014.04.24"]
[Round "8.8"]
[White "Sasikiran,K"]
[Black "Rahman,Zia"]
[Result "1-0"]
[WhiteElo "2680"]
[BlackElo "2513"]

1.d4 d5 2.c4 e6 3.Nf3 c6 4.b3 Nd7 5.g3 Ngf6 6.Bg2 b5 7.O-O Be7 8.Nbd2 O-O
9.c5 Bb7 10.Qc2 Qc7 11.Bb2 a5 12.Rfe1 Rfd8 13.a3 Bf8 14.e4 Nxe4 15.Nxe4 dxe4
16.Rxe4 Nf6 17.Rf4 Be7 18.Ne5 Rf8 19.Rh4 g6 20.Re1 Nd5 21.Rhe4 Bf6 22.h4 Bg7
23.h5 f5 24.R4e2 gxh5 25.Nf3 h4 26.Nxh4 f4 27.Qd3 Bc8 28.Bc1 b4 29.Re5 Ba6
30.Qd2 Bxe5 31.Rxe5 Rf6 32.axb4 axb4 33.Qd1 Qg7 34.Kh2 Kh8 35.Qe1 Rg8 36.Rh5 Nc3
37.Qe5 Be2 38.Nf3 Rd8 39.Rg5 Qh6+ 40.Nh4 Nd5 41.Kg1 Bd1 42.Bxf4 Nxf4 43.Ng6+ Kg7
44.Nxf4+ Kf8 45.Bxc6 Bc2 46.Qc7 Qxg5 47.Qxd8+ Kf7 48.Be8+  1-0

[Event "13th Asian Continental 2014"]
[Site "Sharjah UAE"]
[Date "2014.04.25"]
[Round "9.5"]
[White "Wen Yang"]
[Black "Sasikiran,K"]
[Result "1-0"]
[WhiteElo "2581"]
[BlackElo "2680"]

1.c4 e5 2.g3 Nf6 3.Nc3 Bb4 4.Bg2 O-O 5.Nf3 Re8 6.O-O c6 7.d3 h6 8.Ne4 Na6
9.a3 Bf8 10.b4 d5 11.Nxf6+ Qxf6 12.Bb2 Qd6 13.Rc1 Bf5 14.cxd5 cxd5 15.e4 Bg4
16.exd5 Nc7 17.h3 Bh5 18.g4 Bg6 19.Re1 f6 20.Nh4 Bf7 21.Nf5 Qd7 22.d4 e4
23.Bxe4 Nxd5 24.Qf3 a5 25.bxa5 Qb5 26.Rc2 Rac8 27.Rxc8 Rxc8 28.Nxh6+ gxh6
29.Qf5  1-0

[Event "Asian Clubs 2014"]
[Site "Al-Ain UAE"]
[Date "2014.06.23"]
[Round "3.2"]
[White "Lane,G"]
[Black "Sasikiran,K"]
[Result "1/2-1/2"]
[WhiteElo "2354"]
[BlackElo "2669"]

1.e4 e5 2.Nf3 Nc6 3.Bc4 Bc5 4.c3 Nf6 5.d3 d6 6.O-O a6 7.Re1 h6 8.h3 O-O 9.d4 Ba7
10.dxe5 Nxe5 11.Nxe5 dxe5 12.Qf3 Be6 13.Bf1 Kh8 14.Be3 Bxe3 15.Qxe3 Qe7 16.Nd2 Rad8
17.Nf3 Bd7 18.Rad1 Bc6 19.Rxd8 Rxd8 20.Bd3 a5 21.Bc2 Ne8 22.Rd1 Rxd1+ 23.Bxd1 b6
24.Bb3 Nd6 25.Bd5 Bxd5 26.exd5 e4 27.b3 f5 28.Nd4 Qe5 29.Ne6 Qxd5 30.Nxc7 Qc6
31.Ne6 Nc4 32.bxc4 Qxe6 33.c5 bxc5 34.Qxc5 Qxa2 35.Qc8+ Qg8 36.Qxf5 Qa8 37.Qc5 a4
38.Qa3 Qc6 39.Qb4 Kh7 40.c4 Qa6 41.c5 Qa8 42.Qa3 Qe8 43.Qc3 Qc6 44.Kh2 h5
45.Qb4 Qa8 46.Qc4 Qc6 47.Qb4 Qe8 48.Qc3 Qb8+ 49.g3 Qa7 50.Kg2 a3 51.c6 a2  1/2-1/2

[Event "Asian Clubs 2014"]
[Site "Al-Ain UAE"]
[Date "2014.06.26"]
[Round "5.2"]
[White "Sasikiran,K"]
[Black "Reefat,S"]
[Result "1-0"]
[WhiteElo "2669"]
[BlackElo "2449"]

1.d4 e6 2.c4 b6 3.e4 Bb7 4.Bd3 Nc6 5.Ne2 Nb4 6.Nbc3 Nxd3+ 7.Qxd3 g6 8.h4 h5
9.Bg5 Be7 10.Qe3 d6 11.O-O-O Qd7 12.Kb1 O-O-O 13.f3 Kb8 14.Nf4 Qe8 15.Nd3 Bxg5
16.hxg5 Ne7 17.Rhe1 Qf8 18.d5 Qg7 19.Nb5 Rhe8 20.Qf2 e5 21.f4 f5 22.gxf6 Qxf6
23.Qd2 c6 24.Nc3 cxd5 25.exd5 exf4 26.Nxf4 Nf5 27.Ne4 Qh4 28.Ka1 Ba6 29.b3 Ng3
30.Nxg3 Qxg3 31.Ne6 Rc8 32.Re3 Qh4 33.Rf1 Bb7 34.Rf7 Re7 35.Rf4 Qh2 36.Rff3 Qh4
37.Kb2 Rce8 38.g3 Qh3 39.Qb4 Rxe6 40.Rxe6 Rxe6 41.Rf8+ Bc8 42.dxe6 Qxe6 43.Qc3 Kc7
44.Qf6  1-0

[Event "Asian Clubs 2014"]
[Site "Al-Ain UAE"]
[Date "2014.06.27"]
[Round "6.2"]
[White "Lou Yiping"]
[Black "Sasikiran,K"]
[Result "1/2-1/2"]
[WhiteElo "2488"]
[BlackElo "2669"]

1.d4 d5 2.c4 e6 3.Nc3 Be7 4.Nf3 Nf6 5.Bf4 O-O 6.e3 Nbd7 7.c5 c6 8.h3 b6 9.b4 a5
10.a3 h6 11.Bh2 Bb7 12.Bd3 Qc8 13.O-O Ba6 14.Rb1 Bxd3 15.Qxd3 axb4 16.axb4 Qb7
17.Qc2 Ra3 18.Rfc1 Rfa8 19.Rb2 b5 20.Nd2 Bd8 21.Rbb1 R3a6 22.Nb3 Nf8 23.Ra1 N6d7
24.Rxa6 Rxa6 25.Ra1 Rxa1+ 26.Nxa1 Bf6 27.Nb3 e5 28.Qa2 exd4 29.exd4 Ne6 30.Ne2 Ndf8
31.Kf1 h5 32.Qa5 Bd8 33.Qa1 h4 34.Nd2 Ng5 35.Bd6 Nd7 36.Bf4 Ne6 37.Bd6 Nf6
38.Be5 Ng5 39.Nc3 Nd7 40.Bd6 Nf6 41.Be5 Ne6 42.Ne2 g6 43.Qa3 Nh5 44.Nf3 Nhg7
45.Ke1 Nf5 46.Kf1 Nfg7 47.Ke1 Nf5 48.Kf1 Kh7 49.Ke1 Kg8  1/2-1/2

[Event "Asian Clubs 2014"]
[Site "Al-Ain UAE"]
[Date "2014.06.28"]
[Round "7.2"]
[White "Sasikiran,K"]
[Black "Omar,Noa"]
[Result "1-0"]
[WhiteElo "2669"]
[BlackElo "2366"]

1.d4 d5 2.c4 e6 3.Nc3 Be7 4.Nf3 Nf6 5.Bf4 O-O 6.e3 b6 7.Bd3 dxc4 8.Bxc4 Bb7
9.O-O a6 10.Qe2 b5 11.Bd3 Nbd7 12.Rfd1 Rc8 13.Ne5 c5 14.dxc5 Rxc5 15.Nxd7 Nxd7
16.Bxh7+ Kh8 17.b4 Rxc3 18.Rxd7 Kxh7 19.Rxd8 Rxd8 20.Be5 Rc4 21.a3 f6 22.Bd4 e5
23.Bb6 Rdc8 24.h3 Bd5 25.Qd3+ Be4 26.Qd7 Bf8 27.Rd1 Bg6 28.Bc5  1-0